[Event "Grenzturnering-A 8th"]
[Site "Tonder,Logumkloster,Leck"]
[Date "2018.04.17"]
[Round "8"]
[White "Langner, Michel"]
[Black "Jensen, Jacob Bjerre"]
[Result "1/2-1/2"]
[WhiteElo "1895"]
[BlackElo "1850"]
[PlyCount "63"]
[EventDate "2017.09.26"]
[EventType "tourn"]
[EventRounds "9"]
[EventCountry "DEN"]
[SourceTitle "EXT 2021"]
[Source "ChessBase"]
[SourceDate "2020.10.23"]
[SourceVersion "1"]
[SourceVersionDate "2020.10.23"]
[SourceQuality "1"]

1. e4 c6 2. d4 d5 3. e5 Bf5 4. Bd3 Bxd3 5. Qxd3 e6 6. Nf3 c5 7. c3 Nc6 8. 0-0 Qb6 9. dxc5 Bxc5 10. b4 Be7 11. b5 Na5 12. Be3 Bc5 13. Nd4 Nc4 14. Nd2 Nxe5 15. Qe2 Nf6 16. N4b3 Ned7 17. Nxc5 Nxc5 18. Nb3 Nfd7 19. Bd4 Rg8 20. Qe3 Rc8 21. a4 Qd6 22. Nxc5 Nxc5 23. f4 Nb3 24. Be5 Qc5 25. Bd4 Nxd4 26. cxd4 Qd6 27. f5 Rc7 28. Qh3 h6 29. Rfe1 Re7 30. Rac1 Kd7 31. Rc2 Rc8 32. Rce2 1/2-1/2

[Event "Aarhus-chB"]
[Site "Aarhus"]
[Date "2018.02.16"]
[Round "1"]
[White "Jensen, Jacob Bjerre"]
[Black "Christensen, Janus"]
[Result "1-0"]
[WhiteElo "2141"]
[BlackElo "2153"]
[PlyCount "59"]
[EventDate "2018.02.16"]
[EventType "tourn"]
[EventRounds "5"]
[EventCountry "DEN"]
[SourceTitle "CBM 183 Extra"]
[Source "ChessBase"]
[SourceDate "2018.04.19"]
[SourceVersion "1"]
[SourceVersionDate "2018.04.19"]
[SourceQuality "1"]

1. d4 e6 2. Nf3 f5 3. g3 Nf6 4. Bg2 Be7 5. c4 d6 6. 0-0 0-0 7. Nc3 Ne4 8. Nxe4 fxe4 9. Ne1 d5 10. f3 Nc6 11. fxe4 Rxf1+ 12. Kxf1 Qf8+ 13. Kg1 dxe4 14. Be3 e5 15. dxe5 Be6 16. Qc2 Nxe5 17. Qxe4 Bf6 18. Nd3 Nxd3 19. Qxe6+ Kh8 20. exd3 Re8 21. Qf5 Rxe3 22. Rf1 Re2 23. Kh1 Rxb2 24. g4 Qd6 25. g5 Be7 26. c5 Qd8 27. Be4 Qg8 28. Qe5 Qxa2 29. Qxe7 Rxh2+ 30. Kg1 1-0

[Event "Aarhus-chB"]
[Site "Aarhus"]
[Date "2017.02.18"]
[Round "4"]
[White "Jensen, Jacob Bjerre"]
[Black "Thogersen, Rasmus"]
[Result "0-1"]
[WhiteElo "2116"]
[BlackElo "2161"]
[PlyCount "132"]
[EventDate "2017.02.17"]
[EventType "tourn"]
[EventRounds "5"]
[EventCountry "DEN"]
[SourceTitle "EXT 2018"]
[Source "ChessBase"]
[SourceDate "2017.10.13"]
[SourceVersion "1"]
[SourceVersionDate "2017.10.13"]
[SourceQuality "1"]

1. d4 Nf6 2. c4 g6 3. Nc3 Bg7 4. e4 d6 5. Nf3 0-0 6. Be2 e5 7. 0-0 Nc6 8. d5 Ne7 9. Ne1 Nd7 10. Be3 f5 11. f3 f4 12. Bf2 g5 13. Rc1 Ng6 14. c5 Nxc5 15. b4 Na6 16. Nb5 Bd7 17. a4 Rf7 18. Nd3 h5 19. Rc3 Bh6 20. Kh1 Nf8 21. Qc2 g4 22. Rc1 Ng6 23. Qa2 Bc8 24. Na3 b6 25. a5 Nh4 26. axb6 axb6 27. Nc4 g3 28. Bg1 Bh3 29. Ne1 Nxb4 30. Qb3 Na2 31. gxh3 Nxc3 32. Qxc3 g2+ 33. Nxg2 Nxg2 34. Kxg2 Rg7+ 35. Kf1 Qh4 36. Bf2 Qxh3+ 37. Ke1 Bg5 38. Ra1 Rxa1+ 39. Qxa1 Bh4 40. Qa8+ Kh7 41. Bxh4 Qxh4+ 42. Kd2 b5 43. Nb2 Qf2 44. Nd1 Qd4+ 45. Kc1 Qc5+ 46. Kd2 Rg8 47. Qb7 b4 48. Bf1 Qd4+ 49. Kc2 Qc5+ 50. Kd2 Kh6 51. h4 Qd4+ 52. Kc2 Rg1 53. Qb8 b3+ 54. Kc1 b2+ 55. Kc2 b1Q+ 56. Kxb1 Qxd1+ 57. Kb2 Qd2+ 58. Kb3 Qe3+ 59. Kc2 Qf2+ 60. Kc3 Qxf3+ 61. Bd3 Kh7 62. Qxc7+ Rg7 63. Qxd6 Qh1 64. Qf6 Qa1+ 65. Kb4 Rb7+ 66. Bb5 Qb2+ 0-1

[Event "Vellmar op 8th"]
[Site "Vellmar"]
[Date "2016.07.31"]
[Round "7"]
[White "Jensen, Jacob Bjerre"]
[Black "Krueger, Stefan"]
[Result "1/2-1/2"]
[WhiteElo "2172"]
[BlackElo "1936"]
[PlyCount "72"]
[EventDate "2016.07.28"]
[EventType "swiss"]
[EventRounds "7"]
[EventCountry "GER"]
[SourceTitle "CBM 173 Extra"]
[Source "ChessBase"]
[SourceDate "2016.08.29"]
[SourceVersion "1"]
[SourceVersionDate "2016.08.29"]
[SourceQuality "1"]

1. d4 d5 2. c4 e6 3. Nc3 c6 4. Nf3 Nf6 5. e3 Nbd7 6. Bd3 dxc4 7. Bxc4 b5 8. Bd3 a6 9. e4 c5 10. e5 cxd4 11. Nxb5 axb5 12. exf6 gxf6 13. 0-0 Qb6 14. Qe2 Bb7 15. Bxb5 Rg8 16. Bf4 Bd6 17. Bg3 Ra5 18. Nxd4 Be5 19. Rfd1 Bxd4 20. Bxd7+ Ke7 21. Bb5 Bxf2+ 22. Qxf2 Qxf2+ 23. Kxf2 Rxb5 24. b4 Bd5 25. Rdb1 Rg4 26. a3 f5 27. h3 Rc4 28. Rc1 f4 29. Bh4+ Kd6 30. Rxc4 Bxc4 31. g3 fxg3+ 32. Bxg3+ e5 33. Rc1 Be6 34. Kg2 f5 35. Bf2 Bd5+ 36. Kf1 Bb3 1/2-1/2

[Event "Vellmar op 8th"]
[Site "Vellmar"]
[Date "2016.07.30"]
[Round "5"]
[White "Jensen, Jacob Bjerre"]
[Black "Braun, Ingram H"]
[Result "1-0"]
[WhiteElo "2172"]
[BlackElo "1987"]
[PlyCount "49"]
[EventDate "2016.07.28"]
[EventType "swiss"]
[EventRounds "7"]
[EventCountry "GER"]
[SourceTitle "CBM 173 Extra"]
[Source "ChessBase"]
[SourceDate "2016.08.29"]
[SourceVersion "1"]
[SourceVersionDate "2016.08.29"]
[SourceQuality "1"]

1. d4 c5 2. d5 d6 3. c4 g6 4. e4 Bg7 5. Nc3 e6 6. Bd3 Ne7 7. Nf3 exd5 8. exd5 0-0 9. h3 Bf5 10. 0-0 Bxd3 11. Qxd3 Nd7 12. Ne4 Ne5 13. Nxe5 Bxe5 14. Bh6 Re8 15. Bg5 Kg7 16. Bf6+ Bxf6 17. Nxf6 Kxf6 18. Qc3+ Kg5 19. Qe3+ Kf6 20. Qc3+ Kg5 21. Qg7 Rh8 22. f4+ Kh5 23. g4+ Kh4 24. Qh6+ Kg3 25. a4 1-0

[Event "Fredericia cand"]
[Site "Fredericia"]
[Date "2016.05.06"]
[Round "1"]
[White "Rossen, Claus"]
[Black "Jensen, Jacob Bjerre"]
[Result "1-0"]
[WhiteElo "2164"]
[BlackElo "2178"]
[PlyCount "45"]
[EventDate "2016.05.06"]
[EventType "swiss"]
[EventRounds "5"]
[EventCountry "DEN"]
[SourceTitle "EXT 2018"]
[Source "ChessBase"]
[SourceDate "2017.10.13"]
[SourceVersion "1"]
[SourceVersionDate "2017.10.13"]
[SourceQuality "1"]

1. e4 e6 2. d4 d5 3. Nc3 Bb4 4. a3 Bxc3+ 5. bxc3 dxe4 6. Qg4 Nf6 7. Qxg7 Rg8 8. Qh6 Nbd7 9. Bb2 Nb6 10. 0-0-0 Rg6 11. Qe3 Qd5 12. Qe2 Bd7 13. c4 Qf5 14. f3 Na4 15. Qd2 Nxb2 16. Kxb2 Bc6 17. h3 exf3 18. d5 Qe5+ 19. c3 Ne4 20. Nxf3 Qf6 21. Qc2 Ng3 22. dxc6 Nxh1 23. cxb7 1-0

[Event "Fredericia cand"]
[Site "Fredericia"]
[Date "2015.05.10"]
[Round "5"]
[White "Jensen, Jacob Bjerre"]
[Black "Olsen, Filip Boe"]
[Result "0-1"]
[WhiteElo "2168"]
[BlackElo "2192"]
[PlyCount "60"]
[EventDate "2015.05.08"]
[EventType "swiss"]
[EventRounds "5"]
[EventCountry "DEN"]
[SourceTitle "EXT 2018"]
[Source "ChessBase"]
[SourceDate "2017.10.13"]
[SourceVersion "1"]
[SourceVersionDate "2017.10.13"]
[SourceQuality "1"]

1. d4 d5 2. c4 c6 3. Nc3 Nf6 4. e3 e6 5. Nf3 Nbd7 6. Bd3 dxc4 7. Bxc4 b5 8. Bd3 Bb7 9. e4 b4 10. Na4 Be7 11. Bg5 0-0 12. e5 Nd5 13. h4 Rc8 14. Rc1 Qa5 15. Bxe7 Nxe7 16. Bxh7+ Kxh7 17. Ng5+ Kh6 18. Qd3 g6 19. h5 Kg7 20. Qf3 Nf5 21. hxg6 Rh8 22. Rh7+ Rxh7 23. gxh7 b3+ 24. Nc3 bxa2 25. Ra1 Nxe5 26. dxe5 Qxe5+ 27. Kf1 Qh2 28. Qh3 Ba6+ 29. Ke1 Qg1+ 30. Kd2 Rd8+ 0-1

[Event "DEN-chT 1314 52nd"]
[Site "Denmark"]
[Date "2014.03.09"]
[Round "9.6"]
[White "Jensen, Jacob Bjerre"]
[Black "Brinck Claussen, Bjorn"]
[Result "0-1"]
[WhiteElo "2154"]
[BlackElo "2248"]
[PlyCount "94"]
[EventDate "2013.11.02"]
[EventType "team-tourn"]
[EventRounds "9"]
[EventCountry "DEN"]
[SourceTitle "EXT 2015"]
[Source "ChessBase"]
[SourceDate "2014.11.20"]
[SourceVersion "1"]
[SourceVersionDate "2014.11.20"]
[SourceQuality "1"]
[WhiteTeam "Aarhus/Skolerne"]
[BlackTeam "Valby K41"]
[WhiteTeamCountry "DEN"]
[BlackTeamCountry "DEN"]

1. d4 Nf6 2. c4 e6 3. Nc3 Bb4 4. e3 0-0 5. Bd3 d5 6. Nf3 c5 7. 0-0 Nc6 8. a3 Bxc3 9. bxc3 Qc7 10. cxd5 exd5 11. Nd2 Re8 12. Re1 Bg4 13. f3 Bh5 14. Nf1 Bg6 15. Ra2 Qa5 16. Bxg6 hxg6 17. Bd2 Qa6 18. Ng3 Qc4 19. Qb1 b6 20. Rc2 Rac8 21. Re2 Na5 22. Be1 Qd3 23. Bf2 cxd4 24. Red2 Qa6 25. cxd4 Nc4 26. Rd3 Nxa3 27. Ra2 Nxb1 28. Rxa6 Rc1+ 29. Nf1 Nc3 30. Bh4 Re7 31. Bg5 Rb7 32. Ra3 Rc7 33. Kf2 Rc2+ 34. Kg3 Ne2+ 35. Kh4 a5 36. Rdb3 R7c6 37. Bxf6 gxf6 38. e4 Nxd4 39. Rd3 Nb5 40. Rab3 Nc7 41. exd5 Rd6 42. Ne3 Rc5 43. Rbc3 Rxc3 44. Rxc3 Nxd5 45. Nxd5 Rxd5 46. Rc6 Rb5 47. Rxf6 a4 0-1

[Event "Cappelle op 30th"]
[Site "Cappelle la Grande"]
[Date "2014.03.01"]
[Round "1"]
[White "Jensen, Jacob Bjerre"]
[Black "Berg, Klaus"]
[Result "0-1"]
[WhiteElo "2154"]
[BlackElo "2389"]
[PlyCount "58"]
[EventDate "2014.03.01"]
[EventType "swiss"]
[EventRounds "9"]
[EventCountry "FRA"]
[SourceTitle "CBM 159 Extra"]
[Source "ChessBase"]
[SourceDate "2014.04.24"]
[SourceVersion "1"]
[SourceVersionDate "2014.04.24"]
[SourceQuality "1"]

1. d4 Nf6 2. Nf3 e6 3. e3 c5 4. Bd3 d5 5. c3 Bd6 6. Nbd2 Nbd7 7. 0-0 0-0 8. Qc2 e5 9. dxe5 Nxe5 10. Nxe5 Bxe5 11. c4 dxc4 12. Bxc4 Bc7 13. h3 Re8 14. Rd1 Qe7 15. Nf3 Ne4 16. Bb5 Rf8 17. Bd3 Bf5 18. Nd2 Rad8 19. Re1 Ba5 20. Re2 Ng3 21. Bxf5 Nxe2+ 22. Kf1 Nxc1 23. Nc4 Nxa2 24. Rxa2 Bb4 25. Rxa7 g6 26. Be4 Rd7 27. Nb6 Rd2 28. Nd5 Qe5 29. f4 Qxd5 0-1

[Event "DEN-chT 1314 52nd"]
[Site "Denmark"]
[Date "2014.02.16"]
[Round "7.7"]
[White "Pedersen, Daniel Vesterbaek"]
[Black "Jensen, Jacob Bjerre"]
[Result "1/2-1/2"]
[WhiteElo "2245"]
[BlackElo "2154"]
[PlyCount "65"]
[EventDate "2013.11.02"]
[EventType "team-tourn"]
[EventRounds "9"]
[EventCountry "DEN"]
[SourceTitle "EXT 2015"]
[Source "ChessBase"]
[SourceDate "2014.11.20"]
[SourceVersion "1"]
[SourceVersionDate "2014.11.20"]
[SourceQuality "1"]
[WhiteTeam "Nordkalotten"]
[BlackTeam "Aarhus/Skolerne"]
[WhiteTeamCountry "DEN"]
[BlackTeamCountry "DEN"]

1. e4 e6 2. d4 d5 3. Nc3 Bb4 4. e5 c5 5. a3 Bxc3+ 6. bxc3 Qa5 7. Bd2 Qa4 8. Qg4 g6 9. Qd1 b6 10. Nf3 Ba6 11. Bxa6 Nxa6 12. 0-0 c4 13. Bg5 Nb8 14. Qe2 Nd7 15. g4 Kf8 16. h3 Kg7 17. Ne1 h6 18. Bh4 h5 19. Ng2 hxg4 20. hxg4 Rh7 21. f4 Nh6 22. Bf6+ Kf8 23. Kf2 Nxf6 24. exf6 Nxg4+ 25. Qxg4 Qxc2+ 26. Qe2 Qxc3 27. Qe3 Qc2+ 28. Kg3 Qf5 29. Rh1 Rxh1 30. Rxh1 Qxf6 31. a4 Ke7 32. a5 Rg8 33. axb6 1/2-1/2

[Event "Aarhus-B"]
[Site "Aarhus"]
[Date "2005.07.09"]
[Round "8"]
[White "Pedersen, Peter"]
[Black "Jensen, Jacob Bjerre"]
[Result "1/2-1/2"]
[WhiteElo "1821"]
[BlackElo "2203"]
[PlyCount "157"]
[EventDate "2005.07.02"]
[EventType "tourn"]
[EventRounds "9"]
[EventCountry "DEN"]
[SourceTitle "EXT 2006"]
[Source "ChessBase"]
[SourceDate "2005.11.24"]
[SourceVersion "1"]
[SourceVersionDate "2005.11.24"]
[SourceQuality "1"]

1. c4 e5 2. Nc3 Bb4 3. Nd5 Bc5 4. e3 c6 5. Nc3 Nf6 6. g3 0-0 7. Bg2 d5 8. cxd5 cxd5 9. d4 exd4 10. exd4 Bb4 11. Nge2 Bg4 12. f3 Bxc3+ 13. Nxc3 Re8+ 14. Ne2 Bd7 15. 0-0 Bb5 16. Rf2 h6 17. Nc3 Ba6 18. Bf4 Nc6 19. Qd2 Qd7 20. Bf1 Bxf1 21. Rfxf1 Nh5 22. Be3 Rac8 23. Bf2 Nf6 24. Rfe1 Ne7 25. Re2 Nh7 26. Kg2 Ng5 27. g4 Ne6 28. Rae1 g5 29. Bg3 Ng6 30. Kh1 Rc4 31. Be5 Rec8 32. Re3 Qc6 33. Qd3 Nxe5 34. Rxe5 Rxd4 35. Qf5 Ng7 36. Qb1 Qf6 37. R1e3 Rd8 38. Qe1 Qc6 39. b3 Rf4 40. Rd3 d4 41. Ne4 Ne6 42. Qd2 f6 43. Rf5 Rxe4 44. fxe4 Qxe4+ 45. Rdf3 Nf4 46. R5xf4 gxf4 47. Qxf4 Qxf4 48. Rxf4 Kf7 49. Rf2 Ke6 50. Kg2 d3 51. Rd2 Ke5 52. Kf2 Kd4 53. Ke1 Re8+ 54. Kd1 Re4 55. Rf2 Rxg4 56. Kd2 Rh4 57. a4 a5 58. Rg2 Re4 59. Rg7 Re2+ 60. Kd1 b6 61. Rd7+ Kc3 62. Rd6 Rxh2 63. Rc6+ Kxb3 64. Rxb6+ Kxa4 65. Rxf6 Kb3 66. Rb6+ Ka3 67. Rd6 d2 68. Rb6 h5 69. Rb7 h4 70. Rb6 h3 71. Rb7 Rg2 72. Rb3+ Ka2 73. Rb2+ Ka3 74. Rb3+ Ka4 75. Rxh3 Kb4 76. Rb3+ Kc5 77. Rc3+ Kb5 78. Rd3 Ka4 79. Rxd2 1/2-1/2